Destiny or Chance : (Record no. 3598)

MARC details
000 -LEADER
fixed length control field 00903cam a2200277 a 4500
001 - CONTROL NUMBER
control field 4979414
003 - CONTROL NUMBER IDENTIFIER
control field OSt
005 - DATE AND TIME OF LATEST TRANSACTION
control field 20161027151515.0
008 - FIXED-LENGTH DATA ELEMENTS--GENERAL INFORMATION
fixed length control field 980311s1998 enka b 001 0 eng
010 ## - LIBRARY OF CONGRESS CONTROL NUMBER
LC control number 98017412
020 ## - INTERNATIONAL STANDARD BOOK NUMBER
International Standard Book Number 0521481783
040 ## - CATALOGING SOURCE
Original cataloging agency DLC
Transcribing agency DLC
Modifying agency DLC
050 00 - LIBRARY OF CONGRESS CALL NUMBER
Classification number QB501
Item number .T248 1998
082 00 - DEWEY DECIMAL CLASSIFICATION NUMBER
Classification number 523.2
Edition number 21
Item number TAY 1998
100 1# - MAIN ENTRY--PERSONAL NAME
Personal name Taylor, Stuart Ross
Dates associated with a name 1925-
9 (RLIN) 8028
245 10 - TITLE STATEMENT
Title Destiny or Chance :
Remainder of title our solar system and its place in the cosmos
260 ## - PUBLICATION, DISTRIBUTION, ETC. (IMPRINT)
Name of publisher, distributor, etc. Cambridge University Press,
Date of publication, distribution, etc. 1998.
300 ## - PHYSICAL DESCRIPTION
Extent xvii, 229 p. :
Other physical details ill. ;
Dimensions 24 cm.
504 ## - BIBLIOGRAPHY, ETC. NOTE
Bibliography, etc Includes bibliographical references & index.
650 #0 - SUBJECT ADDED ENTRY--TOPICAL TERM
Topical term or geographic name as entry element Planets.
9 (RLIN) 8029
650 #0 - SUBJECT ADDED ENTRY--TOPICAL TERM
Topical term or geographic name as entry element Astrophysics.
9 (RLIN) 7955
651 #0 - SUBJECT ADDED ENTRY--GEOGRAPHIC NAME
Geographic name Solar system.
9 (RLIN) 8030
856 42 - ELECTRONIC LOCATION AND ACCESS
Materials specified Publisher description
Uniform Resource Identifier http://www.loc.gov/catdir/description/cam029/98017412.html
906 ## - LOCAL DATA ELEMENT F, LDF (RLIN)
a 7
b cbu
c orignew
d 1
e ocip
f 19
g y-gencatlg
942 ## - ADDED ENTRY ELEMENTS (KOHA)
Source of classification or shelving scheme Dewey Decimal Classification
Koha item type Short Loan
Holdings
Withdrawn status Lost status Source of classification or shelving scheme Damaged status Not for loan Home library Current library Date acquired Inventory number Total Checkouts Full call number Barcode Date last seen Koha item type Source of acquisition
    Dewey Decimal Classification     MUST Main Library MUST Main Library 18/04/2016 00/13615   523.2 TAY 1998 2016-0970 18/04/2016 Short Loan  
    Dewey Decimal Classification     MUST Main Library MUST Main Library 05/04/2017 2000/13613   523.2 TAY 1998 2017-0728 05/04/2017 Open Shelf